| 000 | 00952nam a2200265Ia 4500 | ||
|---|---|---|---|
| 003 | OSt | ||
| 005 | 20221005105632.0 | ||
| 006 | a|||||r|||| 00| 0 | ||
| 007 | ta | ||
| 008 | 221004b |||||||| |||| 00| 0 hin d | ||
| 020 | _c95 | ||
| 024 | _a115580 | ||
| 037 |
_b370/17/2, 13/04/2012, Vani Parkashan _cTextual |
||
| 040 |
_aCRL _cCRL _bhin |
||
| 041 |
_2hin _ahin |
||
| 082 | _aO152,2N486,DB, P8 | ||
| 100 | _aबब्बर, नादिरा जहीर | ||
| 245 | 0 | _aऑपरेशन क्लाउडबर्स्ट | |
| 246 | _aऑpareshan klāuḍabarsṭa | ||
| 260 |
_aनई दिल्ली _bवाणी प्रकाशन भारत _c2008 |
||
| 300 |
_a68पृ0 _ccm. |
||
| 650 | _aहिन्दी साहित्य | ||
| 942 |
_hO152,2N486,DB, P8 _cTEXL _2cc |
||
| 999 |
_c1016423 _d1016423 |
||